Statistiques concernant Pokémon- Septième Champion d'Arène

Cliquez ici pour prendre le quiz!

Statistiques générales

  • Ce quiz a été pris 45 fois
    (11 depuis la dernière actualisation)
  • Le résultat moyen est 66 sur 76

Statistiques - réponses

ChampionsVersionsPokémon% Correct
EBAngoliath
100%
RBArcanin
100%
PetersonEBBaggaïd
100%
EBBaggaïd
100%
DPBlizzaroi
100%
HGSSBlizzaroi
100%
RBCaninos
100%
DPCharmina
100%
EVCléopsytra
100%
OACochignon
100%
PlaCochignon
100%
BDSPCrustabri
100%
HGSSDémolosse
100%
WatsonN2B2Drakkarmin
100%
EVFlorges
100%
EVGallame
100%
RBGalopa
100%
TullyEVGardevoir
100%
PlaGivrali
100%
NBHexagel
100%
EBIxon
100%
EKaorine
100%
EKaorine
100%
OALamantine
100%
EBLéopardus
100%
BDSPLippoutou
100%
HGSSMaganon
100%
HGSSMammochon
100%
PlaMammochon
100%
XYMistigrix
100%
PlaMomartik
100%
HGSSMomartik
100%
EBMorpeko
100%
HGSSOniglali
100%
FrédoOAOtaria
100%
NBPolagriffe
100%
AugusteRBPonyta
100%
LGPEPyroli
100%
TatiaRSSéléroc
100%
LévyRSSolaroc
100%
ZhuNBSorboul
100%
N2B2Tranchodon
100%
OAVolcaropod
100%
EXatu
100%
EXatu
100%
N2B2Altaria
80%
DPBlizzi
80%
HGSSCamérupt
80%
HGSSChartor
80%
RosemaryEBCoatox
80%
AsteraXYCryptéro
80%
PlaDimoret
80%
GladysDPFarfuret
80%
EVFarigiraf
80%
JFeunard
80%
EHypnomade
80%
EHypnomade
80%
HGSSKaimorse
80%
N2B2Libégon
80%
BDSPLokhlass
80%
OAMagmar
80%
EBMoufflair
80%
ERoigada
80%
XYRoigada
80%
ERoigada
80%
BDSPArtikodin
60%
EBSalarsen forme Grave
60%
EBSepiatroce
60%
BDSPFlorizarre
40%
BDSPHeatran
40%
ERamoloss
40%
ERamoloss
40%
BDSPRegice
40%
ESoporifik
40%
ESoporifik
40%
EV(Disque Indigo)Goupelin
20%

Distribution des résultats

Percentile par nombre de réponses

% des personnes avec chaque résultat

Votre développement - résultats

Vous n’avez pas pris ce quiz depuis la dernière actualisation